000 00679nam a2200229Ii 4500
003 JO-AjNU
008 230605s9999||||xx |||||||||||||| ||und||
017 _a2002/9417
020 _a978-977-287-24-73
040 _aJO-AjNU
_bara
_erda
_cJO-AjNU
041 _aara
050 1 4 _aTD380.M8342 2010
100 3 _aعمر، محمد اسماعيل,
_eauthor
_951449
245 0 0 _aمعالجة المياة
250 _aط3
264 3 1 _aالقاهرة:دار الكتب العلمية،2010
300 _a540ص
336 _atext
_btxt
_2rdacontent
337 _aunmediated
_bn
_2rdamedia
338 _avolume
_bnc
_2rdacarrier
650 4 _aمعالجة المياة
_951450
999 _aA22727
_c26295
_d26295